LEADER 01066nam a2200253 i 4500 001 000000137638 003 CaOOAMICUS 005 20220513154058.0 008 050419s1966 it u000 u ita u 013 $a111432 040 $aSeMil$bita 100 1 $aMelville, Herman,$d<1819-1891>.$0(OLS)http://semarc/name/1208 245 10$aBenito Cereno. Billy Budd, gabbiere di Parrocchetto. La veranda /$cHerman Melville. 264 1$aRoma :$bCasini,$c1966. 300 $a260 p. ;$c18 cm. 490 1 $aI libri del sabato ;$v47 650 4$aMelville, Herman <1819-1891> - Opere.$0(OLS)http://semarc/subject/30332 830 2$aI libri del sabato ;$v47.$0(OLS)http://semarc/title/17673 850 $aSeMil 852 $aSeMil$W1$xVenegono$y1$m883 3 47 *$j91176$B91176$CSeMilBibl$Z2$F96101 $81 961 $aRecupero: Biblioteca Seminario Seveso (fino al 1985) 996 $6245$aBenito Cereno. Billy Budd, gabbiere di Parrocchetto. La veranda$9(OLS)http://semarc/title/201131 996 $6264$aRoma :$bCasini$9(OLS)http://semarc/publisher/33129 LEADER 01271nam a2200313 i 4500 001 000000077567 003 CaOOAMICUS 005 20060907000000.0 008 060907s2001 it u000 u mul u 013 $a48739 020 $a88-10-42045-4 040 $aSeMil$bita 100 0 $aNovatianus,$c.$0(OLS)http://semarc/name/36203 245 14$aGli spettacoli /$cNovaziano ; a cura di Alessandro Saggioro. 260 $aBologna :$bEDB,$c2001. 300 $a124 p. ;$c21 cm. 490 0 $aBiblioteca patristica ;$v37 500 $aTesto latino a fronte. - Contiene : Nota bibliografica. 650 4$aPatristica - Testi - Sec. 3.$0(OLS)http://semarc/subject/5482 700 1 $aSaggioro, Alessandro,$d<1969- >.$0(OLS)http://semarc/name/38131 830 0$aBiblioteca patristica ;$v37.$0(OLS)http://semarc/title/10 850 $aSeMil 852 $aSeMil$W1$xVenegono$y1$m2T III 307$j43719$B43719$CSeMilBibl$Z2$F43036 $81 900 0 $aNovaziano$c. 961 $aSottoscrizione: EDB 996 $6020$a88-10-42045-4$9(OLS)http://semarc/number/59351 996 $6245$aGli spettacoli$9(OLS)http://semarc/title/125990 996 $6260$aBologna :$bEDB$9(OLS)http://semarc/publisher/29669